00403pab a2200133 454500008004000000100001900040245008400059260000900143300001000152362001100162650004300173700002100216773003200237180718b1983 xxu||||| |||| 00| 0 eng d aAha, Byong Man aRural - To - Urban migration in South KoreabA cognitive - Behaviourla approach c1983 a57-70 aSpring aRural - Urban Migration - Korea, South aWilliam W. Boyer aPlanning and Administration